Culture Générale - Statistiques

Statistiques générales
  • Ce quiz a été pris 114 fois
    21 depuis la dernière actualisation
  • Le résultat moyen est 12 sur 30
Statistiques - réponses
Questions Réponses % Correct
Dans quel continent trouve-t-on le Kilimandjaro ? Afrique
83%
Quel âge a une personne lambda née en 1957 ? (En 2024) 67
78%
De quel pays Oulan-Bator est-elle la capitale ? Mongolie
78%
Quel est la capitale de l'Honduras ? Tegucigalpa
72%
Qu'est-ce qu'un Brocciu ? Fromage
67%
Quel pièce du jeu d'échec peut effectuer une prise en passant ? Pion
67%
Quel pays a Achgabat pour capitale ? Turkménistan
61%
Qui est Lucas Hauchard ? Squeezie
56%
De combien de manières différentes puis-je créer un code à 4 chiffres sur un cadenas ? 10000
50%
Quel duo rassemble Grégoire Ludig et David Marsais ? Palmashow
50%
Comment s'appelle le propriétaire de Woody, Rex et Buzz l'éclair ? Andy
44%
Quelle organisation a géré les camps de travaux forcés à l'ère de Staline ? Goulag
44%
Avec qui le rappeur Orelsan chante-t-il "La Pluie" ? Stromae
44%
Combien fait 7! ? 5040
39%
Qui a chanté "Le déserteur" sortie en 1956 ? Boris Vian
39%
Complétez la phrase d'Otis : "Mais vous savez, je ne crois qu'il y ait..." de bonnes ou de mauvaises situations
39%
Où se trouve le mont Zaō ? Japon
39%
Quelle merveille du monde moderne se trouve au Mexique ? Chichen Itza
33%
Dans quel jeu vidéo trouve-t-on une artificière, une guérisseuse armée et un géant royal ? Clash Royale
33%
Quelle série met en scène Seong Gi-Hun, Cho Sang-Woo et Abdul Ali ? Squid game
33%
Combien font 67x89 ? 5963
28%
Quand est mort Léonard de Vinci ? (Année) 1519
22%
Qui a été empereur de Rome après Tibère ? Caligula
22%
Qui est le premier brawleur du jeu Brawl stars ? Shelly
22%
Qui a organisé la CAN 1970 ? Soudan
17%
Quel est le prénom du professeur de Ducobu ? Gustave
11%
Qui est l'auteur de "Tuba Life" ? Niska
6%
Qui est Felix Arvid Ulf Kjellberg ? Pewdiepie
0%
Qui est le 28ème président des Etats-unis ? Woodrow Wilson
0%
Comment dit-on chercher en Néerlandais ? Zoeken
0%
Aucun quiz correspondant
Distribution des résultats
% des personnes avec chaque résultat
Percentile par nombre de réponses
Votre historique - résultats
Vous n’avez pas pris ce quiz depuis la dernière actualisation